Statistics for Spell Check #1

Click here to take the quiz!

General Stats

  • This quiz has been taken 69,880 times
  • The average score is 11 of 20

Answer Stats

SentenceCorrection% Correct
Ever sense the hijacking, she refuses to board planessince
95%
Regrettably, the deceased monarch did not leave behind any airsheirs
92%
The principle factor in my deliberations must be my family's healthprincipal
78%
Overuse of pesticides had a deleterious affect on eagle eggseffect
74%
I will only tell you my secret if you promise to be discretediscreet
70%
You can now buy a ride into outer space, but the fair is exorbitantfare
70%
She awaited his next advance with baited breathbated
64%
The bell of the ball looked devilish in her black satin gownbelle
62%
There are no inherit differences between races, only cultural onesinherent
62%
I council you to keep your eyes peeled and your mouth zippedcounsel
61%
The film's climatic moment came just minutes before the endclimactic
50%
In a blaring of bugles, the Calvary rode to the rescuecavalry
49%
I cannot discern the rational behind the new protocolsrationale
47%
A noxious scent began defusing through the ventilation systemdiffusing
45%
He confessed because the felony was preying upon his consciousconscience
44%
The husband's diamond cuff links matched his wife's broachbrooch
43%
This wine is the perfect compliment for fish such as perch or basscomplement
43%
Salad was traditionally a palette cleanser eaten just before dessertpalate
37%
He was adverse to team sports, preferring solo competitionsaverse
35%
We must liberate the populous from the tyrannical dictatorpopulace
23%

Score Distribution

Percentile by Number Answered

Percent of People with Each Score

Your Score History

You have not taken this quiz